书目信息 |
| 题名: |
隐喻、修辞与科学解释
|
|
| 作者: | 郭贵春 著 | |
| 分册: | ||
| 出版信息: | 北京 科学出版社 2007.08 |
|
| 页数: | 309页 | |
| 开本: | 24cm | |
| 丛书名: | 山西大学科学技术哲学文库 | |
| 单 册: | ||
| 中图分类: | H0-05 | |
| 科图分类: | ||
| 主题词: | 语言哲学--yu yan zhe xue--研究 | |
| 电子资源: | ||
| ISBN: | 978-7-03-019554-8 | |
| 000 | 01251nam 2200277 450 | |
| 001 | 012008538734 | |
| 005 | 20080510190448.92 | |
| 010 | @a978-7-03-019554-8@dCNY36.00 | |
| 100 | @a20080510d2007 em y0chiy0120 ea | |
| 101 | 0 | @achi |
| 102 | @aCN@b110000 | |
| 105 | @ay z 000yy | |
| 106 | @ar | |
| 200 | 1 | @a隐喻、修辞与科学解释@Ayin yu、xiu ci yu ke xue jie shi@e一种语境论的科学哲学研究视角@f郭贵春著@Fguo gui chun zhu |
| 210 | @a北京@c科学出版社@d2007.08 | |
| 215 | @a309页@d24cm | |
| 225 | 2 | @a山西大学科学技术哲学文库@Ashan xi da xue ke xue ji shu zhe xue wen ku |
| 300 | @a本书为国家社会科学基金项目“科学隐喻在科学解释中的方法论意义”(04BZX021)最终成果本书受国家重点学科教育部人文社会科学重点研究基地山西大学科技哲学研究中心基金资助 | |
| 330 | @a全书共分6章,外加绪论和结束语,具体内容包括:“语境”研究纲领与科学哲学的发展、科学隐喻与语境分析、科学解释与语境分析、物理学与语境分析、心理认知与语境分析等。 | |
| 410 | 0 | @12001 @a山西大学科学技术哲学文库 |
| 517 | 1 | @a一种语境论的科学哲学研究视角@Ayi zhong yu jing lun de ke xue zhe xue yan jiu shi jiao |
| 606 | 0 | @a语言哲学@Ayu yan zhe xue@x研究 |
| 690 | @aH0-05@v4 | |
| 701 | 0 | @a郭贵春@Aguo gui chun@4著 |
| 801 | 0 | @aCN@bQSSK@c20080510 |
| 905 | @b710824-26@dH0-05@eG790@f3 | |
| 隐喻、修辞与科学解释:一种语境论的科学哲学研究视角/郭贵春著.-北京:科学出版社,2007.08 |
| 309页;24cm.-(山西大学科学技术哲学文库) |
| 本书为国家社会科学基金项目“科学隐喻在科学解释中的方法论意义”(04BZX021)最终成果本书受国家重点学科教育部人文社会科学重点研究基地山西大学科技哲学研究中心基金资助 |
| ISBN 978-7-03-019554-8:CNY36.00 |
| 全书共分6章,外加绪论和结束语,具体内容包括:“语境”研究纲领与科学哲学的发展、科学隐喻与语境分析、科学解释与语境分析、物理学与语境分析、心理认知与语境分析等。 |
| ● |
| 相关链接 |
|
|
|
正题名:隐喻、修辞与科学解释
索取号:H0-05/G790
 
预约/预借
| 序号 | 登录号 | 条形码 | 馆藏地/架位号 | 状态 | 备注 |
| 1 | 710824 | 207108244 | 语言库209/209语言库 62排1列1层/ [索取号:H0-05/G790] | 在馆 | |
| 2 | 710825 | 207108253 | 语言库209/209语言库 62排1列1层/ [索取号:H0-05/G790] | 在馆 | |
| 3 | 710826 | 207108262 | 语言库209/209语言库 62排1列1层/ [索取号:H0-05/G790] | 在馆 |